000 00679nam a22001817a 4500
008 140911b xxu||||| |||| 00| 0 eng d
020 _a0406024774
050 _aKD8335.
_bZ9C34
100 _aHeavens Lewis
245 _aCalvert's Power of arrest and charges./
_cLewis Heavens
250 _a9th
260 _aLondon:
_bButterworths,
_c1995.
300 _ax,243p.:
_c21cm.
500 _aIncludes index.
505 _aContents: Part one powers of arrest and search -- The criminal Law, specific powers of arrest and charges --Road traffic law, specific powers of arrest and charges -- Codes of practice and procedure.
650 _aArrest and Charges
942 _2lcc
_cBK
999 _c4729
_d12229